000 00665nam a2200205Ii 4500
001 15609
003 CO-ViMGA
008 241108s9999||||xx |||||||||||||| ||und||
020 _a9586710963
040 _aCO-ViMGA
_bspa
_erda
_cCO-ViMGA
041 0 _aspa
082 0 4 _a028.535 M34
245 1 0 _aMil maneras de leer :
_bguía práctica para navegar en la biblioteca, 16 años en adelante
264 1 _aBogotá, Colombia : Ministerio de Educación Nacional : Cerlalc, 2005
300 _avolumen
336 _atext
_btxt
_2rdacontent
337 _aunmediated
_bn
_2rdamedia
338 _avolume
_bnc
_2rdacarrier
940 _aidficha_siabuc: 15293. -- ficha_no_siabuc:15609
999 _c48620
_d48620